| 000 | 01394nam0a22002891 4500 | ||
|---|---|---|---|
| 001 | rc\4156901 | ||
| 005 | 20260406143450.0 | ||
| 021 |
_aRU _b[47-25630] |
||
| 035 | _a(NLR Aleph) 008173764 | ||
| 090 |
_a7871132 _c7871132 |
||
| 100 | _a20130415d1947 |||y0rusy50 ca | ||
| 101 | 0 | _arus | |
| 102 | _aRU | ||
| 105 | _aa z |||a| | ||
| 200 | 1 |
_a"Жизнь в цвету" _e[Пьеса А. Довженко в 4-х д. Сборник к постановке] _fУпр. по делам искусств при Совете министров УзССР. Гос. рус. драм. театр. им. М. Горького |
|
| 210 |
_aТашкент _cТип. Объедин. изд-ва "Правда Востока" и "Кзыл Узбекистана" _d1947 |
||
| 215 |
_a24 с. _cил. _d20 |
||
| 300 | _aНа обл. только надзаголовок | ||
| 606 |
_aТеатры _yТашкент _2psbo |
||
| 606 |
_aТеатральные постановки, драматические _2psbo |
||
| 702 | 1 |
_4570 _7ca _8rus _aДовженко _bА. П. _f1894-1956 _gАлександр Петрович _9151187 _3RU\NLR\AUTH\770151225 |
|
| 710 | 0 | 2 |
_aРусский драматический театр им. Горького _cТашкент _9341303 _3RU\NLR\AUTH\889922659 |
| 801 | 0 |
_aRU _bNLR _gpsbo |
|
| 801 | 1 |
_aRU _bELAR _2rusmarc |
|
| 852 |
_aNLR _jИс70 Г-4/118 |
||
| 942 | _cBOOK | ||
| 980 | _aNB | ||